000 00579nam a2200217Ia 4500
005 20241129111446.0
008 241129s9999||||xx |||||||||||||| ||und||
020 _a9789386125873
037 _aTB
040 _aCRL
_beng
_cCRL
041 _aurd
_2urd
084 _aV2y7M17 168Q8
_qCRL
100 _aMukhtar Masood Au.
_9724468
245 0 _aHarf-e-Shauq
_cMukhtar Masood Au.
260 _aDelhi, India
_bM. R. Publications
_c2020
300 _a561p.
365 _aINR
_b675
650 _a History
942 _cTB
_hV2y7M17 168Q8
999 _c1230564
_d1230564